Журнал Комиссии по рассмотрению ходатайства Первого Общества подъездных железных путей в России о предоставлении ему постройки и эксплоатации подъездного узкоколейного пути от ст. "Бердичев" Бердичев-Житомирского пути названного Общества до м. "Янов" Винницкого уезда Подольской губ. с ветвями от ст. "Янов" проектируемого пути: 1) к Войтовецкому свеклосахарному заводу и 2) к ст. "Калиновка" Юго-Западных железных дорог (Запись № 4443397)

Подробности
000 -МАРКЕР
контрольное поле 02563nam0a2200349 4500
001 - ИДЕНТИФИКАТОР ЗАПИСИ
контрольное поле v19\rc\1610298
005 - ИДЕНТИФИКАТОР ВЕРСИИ
контрольное поле 20260407175755.0
035 ## - ДРУГИЕ СИСТЕМНЫЕ НОМЕРА
Идентификатор записи (NLR Aleph) 004730828
100 ## - ДАННЫЕ ОБЩЕЙ ОБРАБОТКИ
Данные общей обработки 20061002d1897 |||y0rusy50 ca
101 0# - ЯЗЫК РЕСУРСА
Язык текста, звукозаписи и т.д. русский
102 ## - СТРАНА ПУБЛИКАЦИИ ИЛИ ПРОИЗВОДСТВА
Страна публикации российская федерация
105 ## - ПОЛЕ КОДИРОВАННЫХ ДАННЫХ: ТЕКСТОВЫЕ МАТЕРИАЛЫ, МОНОГРАФИЧЕСКИЕ
Кодированные данные о монографическом текстовом документе y z |||||
200 1# - ЗАГЛАВИЕ И СВЕДЕНИЯ ОБ ОТВЕТСТВЕННОСТИ
Основное заглавие Журнал Комиссии по рассмотрению ходатайства Первого Общества подъездных железных путей в России о предоставлении ему постройки и эксплоатации подъездного узкоколейного пути от ст. "Бердичев" Бердичев-Житомирского пути названного Общества до м. "Янов" Винницкого уезда Подольской губ. с ветвями от ст. "Янов" проектируемого пути: 1) к Войтовецкому свеклосахарному заводу и 2) к ст. "Калиновка" Юго-Западных железных дорог
Сведения, относящиеся к заглавию заседание 25 апреля 1897 г.
210 ## - ПУБЛИКАЦИЯ, РАСПРОСТРАНЕНИЕ И ДР.
Место издания, распространения и т.д. [Санкт-Петербург
Имя издателя, распространителя и т. д. Типо-литография А. Рабиновича и Ц. Крайза
Дата издания, распространения и т.д. 1897]
215 ## - ФИЗИЧЕСКАЯ ХАРАКТЕРИСТИКА
Специфическое обозначение материала и объем 8 с.
Размеры 36
309 ## - ПРИМЕЧАНИЯ ОБ ОСНОВНОМ ИСТОЧНИКЕ ИНФОРМАЦИИ И ОБ ОСОБЕННОСТЯХ ПОЛИГРАФИЧЕСКОГО ОФОРМЛЕНИЯ ИЗДАНИЯ
Текст примечания Без тит. л. и обл.
601 02 - НАИМЕНОВАНИЕ ОРГАНИЗАЦИИ КАК ПРЕДМЕТ
Начальный элемент ввода Общество подъездных железных путей в России
Идентифицирующий признак 1; Санкт-Петербург, город
Системный номер авторитетной/нормативной записи 2435240
Идентификатор авторитетной/нормативной записи RU\NLR\AUTH\6601667240
606 1# - НАИМЕНОВАНИЕ ТЕМЫ КАК ПРЕДМЕТ
Наименование темы Железные дороги
Формальный подзаголовок Документы и материалы
Тематический подзаголовок История
Географический подзаголовок Россия
Системный номер авторитетной/нормативной записи 1751712
Идентификатор авторитетной/нормативной записи RU\NLR\AUTH\661080359
686 3# - ИНДЕКСЫ ДРУГИХ КЛАССИФИКАЦИЙ
Индекс У31(28)537.2
686 3# - ИНДЕКСЫ ДРУГИХ КЛАССИФИКАЦИЙ
Индекс У37(28)2,011
710 01 - НАИМЕНОВАНИЕ ОРГАНИЗАЦИИ - ПЕРВИЧНАЯ ОТВЕТСТВЕННОСТЬ
Начальный элемент ввода Россия
Структурное подразделение Министерство путей сообщения
-- Комиссия по рассмотрению ходатайства Первого общества подъездных железных путей в России
Идентификатор авторитетной/нормативной записи RU\NLR\AUTH\889944849
Системный номер авторитетной/нормативной записи 384977
712 02 - НАИМЕНОВАНИЕ ОРГАНИЗАЦИИ - ВТОРИЧНАЯ ОТВЕТСТВЕННОСТЬ
Начальный элемент ввода Общество подъездных железных путей в России
Идентифицирующий признак 1; Петербург
Идентификатор авторитетной/нормативной записи RU\NLR\AUTH\889980676
Системный номер авторитетной/нормативной записи 457613
712 02 - НАИМЕНОВАНИЕ ОРГАНИЗАЦИИ - ВТОРИЧНАЯ ОТВЕТСТВЕННОСТЬ
Начальный элемент ввода Войтовецкий сахароваренный з-д
Идентифицирующий признак Подол. губ.
712 02 - НАИМЕНОВАНИЕ ОРГАНИЗАЦИИ - ВТОРИЧНАЯ ОТВЕТСТВЕННОСТЬ
Начальный элемент ввода Юго-Западные железные дороги
Идентифицирующий признак до 1917 г.
Идентификатор авторитетной/нормативной записи RU\NLR\AUTH\8810113829
Системный номер авторитетной/нормативной записи 727100
801 #0 - ИСТОЧНИК ЗАПИСИ
Страна российская федерация
Организация NLR
Правила каталогизации psbo
801 #0 - ИСТОЧНИК ЗАПИСИ
Страна российская федерация
Организация RuMoRGB
Источник данных psbo
801 #1 - ИСТОЧНИК ЗАПИСИ
Страна российская федерация
Организация ProSoft-M
Источник данных rusmarc
852 ## - МЕСТОНАХОЖДЕНИЕ И ШИФР ХРАНЕНИЯ
Идентификатор организации NLR
Шифр хранения (Call Number) 18.271.1.55
942 ## - ДОПОЛНИТЕЛЬНЫЕ ЭЛЕМЕНТЫ ЗАПИСИ (АБИС)
Тип экземпляра АБИС Книга
980 ## - КОЛЛЕКЦИЯ
Название коллекции Национальная библиография
Экземпляры
Тип экземпляра Дата поступления Библиотека постоянного хранения Библиотека текущего хранения Место хранения Шифр хранения Штрих-код Статус не для выдачи
Книга 26.10.2013 РНБ (Садовая) РНБ (Садовая) Русский книжный фонд -Главное здание, Ленинский читальный зал 18.271.1.55 4730828-10